Boys names that start with K - Statistics

General Stats
  • This quiz has been taken 38 times
  • The average score is 10 of 15
Answer Stats
Hint Answer % Correct
__________Kristofferson Kris
97%
________Marx Karl
92%
_______the Frog Kermit
92%
Rapper_______West Kanye
89%
Writer_______Vonnegut (or Mr. Kobain) Kurt
83%
REO Speedwagon lead singer_______Cronin. Kevin
81%
South Park character who has incredibly bad luck Kenny
78%
Deceased controversial Lakers player_______Bryant Kobe
78%
Rapper________Lamar Kendrick
67%
Cartman and Stan's friend on South Park (whose mom is a ....) Kyle
61%
R&B singer________Sweat Keith
56%
Anna's love interest in Frozen Kristoff
42%
Elon Musk's son Kai
33%
Basketball player________Abdul-Jabar Kareem
33%
Actor________Cameron Kirk
31%
No matching quizzes found
Score Distribution
Percent of People with Each Score
Percentile by Number Answered
Your Score History
You have not taken this quiz